000 00547nam a22001697a 4500
003 NUST
038 _aNusrat Nadeem
082 _a200
100 _aAhmed, Farhan
_931425
245 _aNumerical Simulation of Fluid Flow and Heat Transfer Analysis Through Annular Sector Duct /
_cFarhan Ahmed
264 _aIslamabad;
_bSNS NUST;
_c2018;
300 _a197,p;
_bill;
_c30,cm.
650 _aPhD-Mathematics
_9123169
700 _aSupervisor:Dr.Mazhar Iqbal
_970518
856 _uhttp://10.250.8.41:8080/xmlui/handle/123456789/3317
942 _2ddc
_cSC
999 _c609819
_d609819